000 00408nam a22001217a 4500
999 _c10207
_d10207
003 OSt
008 201218b ||||| |||| 00| 0 eng d
245 _aIEEMA Journal
250 _a2013(Apr Vol.4 No.8, May Vol.4 No.9, Jun Vol.4 No.10, Jul Vol.4 No.11)
260 _aMumbai
_bIndian Electrical and Electronics Manufacturers Association
650 _aElectronics and Communication Engineering
942 _2ddc
_cBV